1249 1273 1985 1885 1523 1472 1797 1511 1288 1076 1450 1609 1662 1815 1785 1568 1709 1476 1257 1171 1824 1861 1115 1258 1015 1235 1356 1905 1459 1928 1561 1278 1337 1964 1115 1374 1779 1559 1607 1297 1152 1086 1376 1526 1711 1079 1949 1542 1113 1881 1640 1166 1489 1313 1542 1718 1143 1202 1796 1356 1181 1778 1795 1416 1825 1135 1550 1884 1026 1134 1809 1263 1658 1472 1193 1961 1264 1504 1058 1966 1215 1347 1402 1804 1428 1998 1792 1188 1727 1904 1488 1293 1602 1810 1717 1543 1877 1697 1120 BCNSPRNW ULIB Ver.6.0+V

เปลี่ยนเป็นภาษาไทย

Change to English
 แสดงรายละเอียดบรรณานุกรม
  กลับหน้าหลัก

Brief Record : Get Marc (ISO 2709) : E-mail record : QR code < ปิดหน้าต่าง
LEADER : 00000nam 2200000uu 4500
001    13399124921
003     ULIB
008    160512s2556||||th 000 0 tha d
020    ^a9786162232541 (ล.2)
060  4 ^aWS100^bต367ก ล.2
245 00 ^aตำรากุมารเวชศาสตร์ เล่ม 2 =^bPediatrics /^cสุวรรณี วิษณุโยธิน ...[และคนอื่น ๆ] บรรณาธิการ
246 31 ^aPediatrics
250    ^aพิมพ์ครั้งที่ 1
260    ^aขอนแก่น :^bภาควิชากุมารเวชศาสตร์ คณะแพทยศาสตร์มหาวิทยาลัยขอนแก่น,^c2556
300    ^a2 เล่ม :^bภาพประกอบ
650  7 ^aกุมารเวชศาสตร์
650  7 ^aโรค^xในวัยทารกและเด็ก
694    ^aHealth sciences branch
700 0  ^aสุวรรณี วิษณุโยธิน,^eบรรณาธิการ^ukku-m
710 2  ^aมหาวิทยาลัยขอนแก่น.^bคณะแพทยศาสตร์.^bภาควิชากุมารเวชศาสตร์
945    ^p480^l0^i000737
945    ^p480^l0^i000738
945    ^p480^l0^i000739
945    ^p480^l0^i000740
945    ^p480^l0^i000741
945    ^p480^l0^i000742
945    ^p480^l0^i000743
945    ^p480^l0^i000744
945    ^p480^l0^i000745
945    ^p480^l0^i000746
999    ^aวรรณษา ชูชัยมงคล
รายการนี้ยังไม่มีแท็ก
คุณยังไม่ได้ล็อกอิน คุณสามารถมีกิจกรรมร่วมกับเว็บไซต์ได้ แต่ต้องล็อกอินก่อน ::
  ล็อกอิน

รายการสื่อสารสนเทศ

ลำดับที่ ประเภท เลขเรียก/บาร์โค้ด สถานที่ สถานะ
1. วิทยาศาสตร์การแพทย์ และสุขภาพ
หนังสือสำรอง
สถานะ=หนังสือสำรอง
WS100 ต367ก ล.2 ฉ.1 
  Barcode: 000737
ห้องสมุดวิทยาเขตสวรรค์ประชารักษ์
►ส่วนจัดเก็บหนังสือเก่า สปร
บนชั้น
  ขอยืม
2. วิทยาศาสตร์การแพทย์ และสุขภาพ
วิทยาศาสตร์การแพทย์ และสุขภาพ
WS100 ต367ก ล.2 ฉ.10 
  Barcode: 000746
ห้องสมุดวิทยาเขตสวรรค์ประชารักษ์
►ส่วนจัดเก็บหนังสือเก่า สปร
บนชั้น
  ขอยืม
3. วิทยาศาสตร์การแพทย์ และสุขภาพ
วิทยาศาสตร์การแพทย์ และสุขภาพ
WS100 ต367ก ล.2 ฉ.2 
  Barcode: 000738
ห้องสมุดวิทยาเขตสวรรค์ประชารักษ์
►ส่วนจัดเก็บหนังสือเก่า สปร
บนชั้น
  ขอยืม
4. วิทยาศาสตร์การแพทย์ และสุขภาพ
วิทยาศาสตร์การแพทย์ และสุขภาพ
WS100 ต367ก ล.2 ฉ.3 
  Barcode: 000739
ห้องสมุดวิทยาเขตสวรรค์ประชารักษ์
►ส่วนจัดเก็บหนังสือเก่า สปร
บนชั้น
  ขอยืม
5. วิทยาศาสตร์การแพทย์ และสุขภาพ
วิทยาศาสตร์การแพทย์ และสุขภาพ
WS100 ต367ก ล.2 ฉ.4 
  Barcode: 000740
ห้องสมุดวิทยาเขตสวรรค์ประชารักษ์
►ส่วนจัดเก็บหนังสือเก่า สปร
บนชั้น
  ขอยืม
6. วิทยาศาสตร์การแพทย์ และสุขภาพ
วิทยาศาสตร์การแพทย์ และสุขภาพ
WS100 ต367ก ล.2 ฉ.5 
  Barcode: 000741
ห้องสมุดวิทยาเขตสวรรค์ประชารักษ์
►ส่วนจัดเก็บหนังสือเก่า สปร
บนชั้น
  ขอยืม
7. วิทยาศาสตร์การแพทย์ และสุขภาพ
วิทยาศาสตร์การแพทย์ และสุขภาพ
WS100 ต367ก ล.2 ฉ.6 
  Barcode: 000742
ห้องสมุดวิทยาเขตสวรรค์ประชารักษ์
►ส่วนจัดเก็บหนังสือเก่า สปร
บนชั้น
  ขอยืม
8. วิทยาศาสตร์การแพทย์ และสุขภาพ
วิทยาศาสตร์การแพทย์ และสุขภาพ
WS100 ต367ก ล.2 ฉ.7 
  Barcode: 000743
ห้องสมุดวิทยาเขตสวรรค์ประชารักษ์
►ส่วนจัดเก็บหนังสือเก่า สปร
บนชั้น
  ขอยืม
9. วิทยาศาสตร์การแพทย์ และสุขภาพ
วิทยาศาสตร์การแพทย์ และสุขภาพ
WS100 ต367ก ล.2 ฉ.8 
  Barcode: 000744
ห้องสมุดวิทยาเขตสวรรค์ประชารักษ์
►ส่วนจัดเก็บหนังสือเก่า สปร
บนชั้น
  ขอยืม
10. วิทยาศาสตร์การแพทย์ และสุขภาพ
วิทยาศาสตร์การแพทย์ และสุขภาพ
WS100 ต367ก ล.2 ฉ.9 
  Barcode: 000745
ห้องสมุดวิทยาเขตสวรรค์ประชารักษ์
►ส่วนจัดเก็บหนังสือเก่า สปร
บนชั้น
  ขอยืม

รายการใกล้เคียง
    หัวเรื่อง [กุมารเวชศาสตร์]

BibComment


ยังไม่เคยถูกคอมเมนท์

คอมเมนท์ทรัพยากรรายการนี้
  คอมเมนท์: ตำรากุมารเวชศาสต..


 Copyright 2026. Bcnsprnw @Library